| 000 | 00663nam a22002057a 4500 | ||
|---|---|---|---|
| 999 |
_c15115 _d15115 |
||
| 003 | AR-CdUCM | ||
| 008 | 190425b ||||| |||| 00| 0 spa d | ||
| 020 | _a978-607-638-394-6 | ||
| 040 |
_aMUNICIPALIDAD PROVINCIAL DEL CUSCO _cBIBLIOTECA MUNICIPAL DEL CUSCO |
||
| 082 |
_aPI / 808.06 / _bS55 |
||
| 245 | _aBlanca nieves y los siete enanos / | ||
| 260 |
_aMexico : _bSilver Dolphin, _c2015. |
||
| 300 |
_a16 paginas ; _bIlustraciones, _c23 cm. |
||
| 440 |
_aMis cuentos de hadas favoritos _933524 |
||
| 650 |
_aLiteratura infantil _9588 |
||
| 650 |
_aCuento _94671 |
||
| 710 |
_aAdvanced Marting, S _934140 |
||
| 942 |
_2ddc _cLIBROS |
||
| 945 |
_arjall _d2019-04-25 |
||